000
00337nam a2200133Ia 4500
008
100328s9999 xx 000 0 und d
082
_b
39001
100
_a
कुसुमाग्रज
245
_a
पाथेय
260
_b
पॉप्युलर
630
_a
पाथेय
730
_a
पाथेय
942
_c
BOOK
999
_c
528052
_d
528049